000
00319nam a22001217a 4500
040
_c
HS
082
_a
510
100
_a
អ៊ុន ប៊ុនលាង
245
_a
ប្រូបាប៊ីលីតេ ( probability)
260
_a
RUA
_b
អ៊ុន ប៊ុនលាង
_c
2001
300
_a
44p.
942
_c
KB
999
_c
8599
_d
8599